ՀՀ Գիտությունների ազգային ակադեմիայի հիմնարար գիտական գրադարան  =   Fundamental Scientific Library of NAS RA

Комплексный подход к коммунистическому воспитанию молодежи : (Record no. 355899)

MARC details
000 -LEADER
fixed length control field 00806nam a2200181 a 4500
001 - CONTROL NUMBER
control field 001104793
003 - CONTROL NUMBER IDENTIFIER
control field AM-YeHGA
005 - DATE AND TIME OF LATEST TRANSACTION
control field 20250617151653.0
008 - FIXED-LENGTH DATA ELEMENTS--GENERAL INFORMATION
fixed length control field 151007s1978 ||| r 000 0 rus d
040 ## - CATALOGING SOURCE
Original cataloging agency AM-YeHGA
041 0# - LANGUAGE CODE
Language code of text/sound track or separate title rus
090 ## - LOCALLY ASSIGNED LC-TYPE CALL NUMBER (OCLC); LOCAL CALL NUMBER (RLIN)
-- 357717
245 00 - TITLE STATEMENT
Title Комплексный подход к коммунистическому воспитанию молодежи :
Remainder of title Республиканской сборник научных трудов /
Statement of responsibility, etc. Смол. гос. пед. ин-т им. К. Маркса.
260 ## - PUBLICATION, DISTRIBUTION, ETC.
Place of publication, distribution, etc. Смоленск :
Name of publisher, distributor, etc. Б. и.,
Date of publication, distribution, etc. 1978.
300 ## - PHYSICAL DESCRIPTION
Extent 158 с.
653 0# - INDEX TERM--UNCONTROLLED
Uncontrolled term Коммунистическое воспитание
710 2# - ADDED ENTRY--CORPORATE NAME
Corporate name or jurisdiction name as entry element Смоленский государственный педагогический институт им. Карла Маркса
Holdings
Withdrawn status Lost status Source of classification or shelving scheme Damaged status Not for loan Collection Home library Current library Date acquired Total checkouts Full call number Barcode Date last seen Price effective from Koha item type Public note
    Universal Decimal Classification     General Fundamental Scientific Library Fundamental Scientific Library 11/01/2017   PII/446732 FL0360562 11/01/2017 11/01/2017 Գրքեր / Books 30 Days Loan


ՀՀ ԳԱԱ հիմնարար գիտական գրադարան
ՀՀ,Երևան 0019
Մարշալ Բաղրամյան 24/6
հեռախոս:(374-10) 52-47-50
Հետադարձ կապ

All site content, except where otherwise noted, is licensed under a
Creative Commons License